000 00513nam a22001817a 4500
003 CEME
005 20210628202515.0
008 210209b xxu||||| |||| 00| 0 eng d
020 _a1-58053-146-6
040 _c.
082 _a621.3845 ZAN
100 _aKim, Seong-Lyun Zander, Jens
_960220
245 _aRadio resource management for wirless networks
260 _aLONDON
_bARTECH HOUSE
_c2001
300 _aXIII,378P
650 _aWIRLESS NETWORKS; WIRLESS COMMUNICATION SYSTEMS
_960221
942 _cBK
_2ddc
999 _c570009
_d570009